000 00473nam a2200157 i 4500
001 39338
003 ES-MaACL
007 t|
008 030227m19821984sp ||||1| spa d
100 1 _aCamy Sánchez-Cañete, Buenaventura.
_934365
245 1 0 _aComentarios a la legislación hipotecaria /
_cBuenaventura Camy Sánchez-Cañete.
250 _a3ª ed.
260 _aPamplona :
_bAranzadi,
_c1982-84.
300 _a7 v. ;
_c25 cm.
852 _aES-MaACL
_jL-7085-91
_bR.104286
999 _c39338
_d39338